Big Hero Six (2014) Characters - Statistics

General Stats
  • This quiz has been taken 70 times
  • The average score is 6 of 8
Answer Stats
# Hint Answer % Correct
1 Main character Hiro Hamada
98%
2 Health care companion of above Baymax
96%
8 Big brother of #1 Tadashi Hamada
80%
3 Spicy Asian food name Wasabi
76%
4 Fire breathing creature Fred Frederickson III
73%
6 Speedy wheels girl Go-Go Tomago
71%
5 Gum powers Honey Lemon
69%
7 Caretaker of #1 Aunt Cass
67%
No matching quizzes found
Score Distribution
Percent of People with Each Score
Percentile by Number Answered
Your Score History
You have not taken this quiz